ՀՀ Գիտությունների ազգային ակադեմիայի հիմնարար գիտական գրադարան  =   Fundamental Scientific Library of NAS RA

Հայոց ցեղասպանության պատմություն ։ (Record no. 541032)

MARC details
000 -LEADER
fixed length control field 01650nam a2200265 a 4500
001 - CONTROL NUMBER
control field 1895561
003 - CONTROL NUMBER IDENTIFIER
control field AM-YEHGA
005 - DATE AND TIME OF LATEST TRANSACTION
control field 20260331150144.0
008 - FIXED-LENGTH DATA ELEMENTS--GENERAL INFORMATION
fixed length control field 230403s2022 ai ab||gr|||||001|0|arm|d
020 ## - INTERNATIONAL STANDARD BOOK NUMBER
International Standard Book Number 978-9939-895-12-3
040 ## - CATALOGING SOURCE
Original cataloging agency AM-YEHGA
041 1# - LANGUAGE CODE
Language code of text/sound track or separate title arm
Language code of original eng
100 1# - MAIN ENTRY--PERSONAL NAME
Personal name Սյունի, Ռոնալդ Գրիգորի
245 10 - TITLE STATEMENT
Title Հայոց ցեղասպանության պատմություն ։
Remainder of title «Նրանք կարող են ապրել միայն անապատում» = A history of the Armenian Genocide : «They can live in the desert but nowhere else» /
Statement of responsibility, etc. Ռ.Գ. Սյունի ; Անգլերենից թարգմանեց՝ Մ. Սադոյանը ; Թարգմանության խմբագիր՝ Ս. Ղազարյան ; Թարգմանության գիտական խմբագիր՝ Թ. Մարտոյան ; [Ձևավորումը՝ Վիտալի Ասրիևի].
246 15 - VARYING FORM OF TITLE
Title proper/short title A history of the Armenian Genocide ։
Remainder of title «They can live in the desert but nowhere else»
260 ## - PUBLICATION, DISTRIBUTION, ETC.
Place of publication, distribution, etc. Երևան :
Name of publisher, distributor, etc. «Մագաղաթ» հրատարակչություն,
Date of publication, distribution, etc. 2022.
Manufacturer «Մագաղաթ պլյուս»
300 ## - PHYSICAL DESCRIPTION
Extent 518 էջ ;
Other physical details նկարներ, քարտեզներ ;
Dimensions 23 սմ.
504 ## - BIBLIOGRAPHY, ETC. NOTE
Bibliography, etc. note Ծանոթագրություններ՝ էջ 448-518։
650 14 - SUBJECT ADDED ENTRY--TOPICAL TERM
Topical term or geographic name entry element Հայոց ցեղասպանություն, 1915-1923
Form subdivision Ականատեսների վկայություններ
9 (RLIN) 5783
700 1# - ADDED ENTRY--PERSONAL NAME
Personal name Սադոյան, Մարիա
Relator term թարգմանիչ
Relationship trl
700 1# - ADDED ENTRY--PERSONAL NAME
Personal name Ղազարյան, Սևակ
Relator term խմբագիր
Relationship edt
700 1# - ADDED ENTRY--PERSONAL NAME
Personal name Մարտոյան, Թեհմինե
Relator term խմբագիր
Relationship edt
700 1# - ADDED ENTRY--PERSONAL NAME
Personal name Ասրիև, Վիտալի
Relator term ձևավորող
Relationship bjd
942 ## - ADDED ENTRY ELEMENTS (KOHA)
Source of classification or shelving scheme Universal Decimal Classification
Koha item type Գրքեր / Books
Holdings
Withdrawn status Lost status Source of classification or shelving scheme Damaged status Not for loan Collection Home library Current library Date acquired Total checkouts Full call number Barcode Date last seen Price effective from Koha item type Public note
    Universal Decimal Classification     General Fundamental Scientific Library Fundamental Scientific Library 25/12/2025   AII/114121 FL0701496 25/12/2025 25/12/2025 Գրքեր / Books 30 Days Loan


ՀՀ ԳԱԱ հիմնարար գիտական գրադարան
ՀՀ,Երևան 0019
Մարշալ Բաղրամյան 24/6
հեռախոս:(374-10) 52-47-50
Հետադարձ կապ

All site content, except where otherwise noted, is licensed under a
Creative Commons License